• 首页
  • 本馆介绍
  • 公告通知
  • 最新文献
  • 馆藏检索
  • 电子资源
  • 读者导购
  • 参考咨询
  • 我的图书馆
  • 登录
  • 详细信息显示
  • 放入我的书架
  • 预约/预借图书
  • 作者相关作品
  • 分类相关作品
  • 丛书相关作品
  • 出版社相关作品

书目信息

  • 表格格式
  • 工作单格式
  • 卡片格式
题名:
李大钊诗文选集
    
 
作者: 李大钊 著
分册:  
出版信息: 北京   人民文学出版社  1981.1
页数: 343
开本: 21cm
丛书名:
单 册:
中图分类: I215.2
科图分类:
主题词:
电子资源:
ISBN:
000 00484nam0 2200193 45
001 0181018165
005 20060912145500.50
010    @dCNY1.20
100    @a20810111d km y0chiy0120 ea
101 0  @achi
102    @aCN@b110000
200 1  @Ali da zhao shi wen xuan ji@a李大钊诗文选集@f李大钊著
205    @a2版
210    @a北京@c人民文学出版社@d1981.1
215    @a343@c照片@d21cm
690    @aI215.2
701 0  @a李大钊@4著
801    @aCN@bTSTC@c20060912
905    @dI215.2@e233=2
    
    李大钊诗文选集/李大钊著.-2版.-北京:人民文学出版社,1981.1
    343:照片;21cm
    
    
    ISBN :CNY1.20
    
●
相关链接 在E读中查询图书 在五车中查询图书 在当当中查询图书 在豆瓣中查询图书


正题名:李大钊诗文选集     索取号:I215.2/233=2         预约/预借

序号 登录号 条形码 馆藏地/架位号 状态 备注
1 0467440   204674405   红色文献专区/ [索取号:I215.2/233=2] 在馆    
2 0467441   204674414   红色文献专区/ [索取号:I215.2/233=2] 在馆    
3 0471440   204714407   红色文献专区/ [索取号:I215.2/233=2] 在馆    
唐山师范学院图书馆 欢迎您!
大连网信软件有限公司© 版权所有